000 00439nam a2200181 a 4500
001 2394
003 CO-ViMGA
008 141112s2004 ck r 000 u spa d
040 _aCO-ViMGA
_bspa
_cCO-ViMGA
082 0 4 _aALMp
100 1 _aAlmena, Fernando
_951249
245 1 0 _aPan Gu
260 _aMadrid :
_bAnaya,
_c1991
300 _a123 p : il
490 _aEl duende verde, 45
650 1 4 _aCUENTOS INFANTILES
_92743
942 _2ddc
_cBK
999 _c14493
_d14493